Die gute Mutter: zur Geschichte des normativen Musters "Mutterliebe"
| Main Author: | |
|---|---|
| Format: | Print Book |
| Language: | German |
| Published: |
Bielefeld
Kleine
1986
|
| In: |
Theorie und Praxis der Frauenforschung (3)
Year: 1986 |
| Online Access: |
Table of Contents Table of Contents |
| Check availability: | HBZ Gateway |
| Subito Delivery Service: | Order now. |
| Keywords: |
MARC
| LEADER | 00000cam a2200000 c 4500 | ||
|---|---|---|---|
| 001 | 02287481X | ||
| 003 | DE-627 | ||
| 005 | 20260206200428.0 | ||
| 007 | tu | ||
| 008 | 871127s1986 gw ||||| 00| ||ger c | ||
| 015 | |a 87,A33,0158 |2 dnb | ||
| 016 | 7 | |a 870913220 |2 DE-101 | |
| 020 | |a 3883020990 |9 3-88302-099-0 | ||
| 035 | |a (DE-627)02287481X | ||
| 035 | |a (DE-603)007553374 | ||
| 035 | |a (DE-576)012260177 | ||
| 035 | |a (DE-599)GBV02287481X | ||
| 035 | |a (OCoLC)18909399 | ||
| 035 | |a (OCoLC)310731659 | ||
| 035 | |a (OCoLC)260114956 | ||
| 035 | |a (OCoLC)18909399 | ||
| 035 | |a (AT-OBV)AC00171509 | ||
| 035 | |a (DE-604)8007244665 | ||
| 040 | |a DE-627 |b ger |c DE-627 |e rakwb | ||
| 041 | |a ger | ||
| 044 | |c XA-DE |c XA-DE-NW | ||
| 084 | |a 11 |2 sdnb | ||
| 084 | |a 11 |a 14 |2 sdnb | ||
| 084 | |a MS 1990 |2 rvk |0 (DE-625)rvk/123627: | ||
| 084 | |a NW 8150 |2 rvk |0 (DE-625)rvk/132307: | ||
| 100 | 1 | |a Schütze, Yvonne |d 1940-2022 |0 (DE-588)1145528449 |0 (DE-627)1006751114 |0 (DE-576)162986254 |4 aut | |
| 109 | |a Schütze, Yvonne 1940-2022 |a Schütze-van den Daele, Yvonne 1940-2022 | ||
| 245 | 1 | 4 | |a Die gute Mutter |b zur Geschichte des normativen Musters "Mutterliebe" |c Yvonne Schütze |
| 264 | 1 | |a Bielefeld |b Kleine |c 1986 | |
| 300 | |a 159 S. |c 8° | ||
| 336 | |a Text |b txt |2 rdacontent | ||
| 337 | |a ohne Hilfsmittel zu benutzen |b n |2 rdamedia | ||
| 338 | |a Band |b nc |2 rdacarrier | ||
| 490 | 1 | |a Theorie und Praxis der Frauenforschung |v Band 3 | |
| 500 | |a Literaturverz. S. 151 - 159 | ||
| 648 | 7 | |a Geschichte 1800-1980 |2 gnd | |
| 650 | 0 | 7 | |0 (DE-588)4138115-4 |0 (DE-627)104665041 |0 (DE-576)209683368 |a Mutterliebe |2 gnd |
| 650 | 0 | 7 | |0 (DE-588)4017894-8 |0 (DE-627)106328379 |0 (DE-576)208921524 |a Forschung |2 gnd |
| 650 | 4 | |a Familienstruktur | |
| 650 | 4 | |a Funktionswandel der Familie | |
| 650 | 4 | |a Mutterrolle | |
| 650 | 4 | |a Frauenbewegung | |
| 650 | 4 | |a Frauenforschung | |
| 650 | 4 | |a Sozialgeschichte | |
| 650 | 4 | |a Freizeit | |
| 650 | 4 | |a Mutter-Kind-Interaktion | |
| 650 | 4 | |a Geschlechtsrolle | |
| 689 | 0 | 0 | |d s |0 (DE-588)4138115-4 |0 (DE-627)104665041 |0 (DE-576)209683368 |a Mutterliebe |2 gnd |
| 689 | 0 | 1 | |d s |0 (DE-588)4017894-8 |0 (DE-627)106328379 |0 (DE-576)208921524 |a Forschung |2 gnd |
| 689 | 0 | 2 | |a z |2 gnd |a Geschichte 1800-1980 |
| 689 | 0 | |5 DE-101 | |
| 689 | 1 | 0 | |d s |0 (DE-588)4138115-4 |0 (DE-627)104665041 |0 (DE-576)209683368 |a Mutterliebe |2 gnd |
| 689 | 1 | 1 | |d s |0 (DE-588)4017894-8 |0 (DE-627)106328379 |0 (DE-576)208921524 |a Forschung |2 gnd |
| 689 | 1 | 2 | |a z |2 gnd |a Geschichte 1800-1980 |
| 689 | 1 | |5 (DE-627) | |
| 689 | 2 | 0 | |d s |0 (DE-588)4138115-4 |0 (DE-627)104665041 |0 (DE-576)209683368 |a Mutterliebe |2 gnd |
| 689 | 2 | 1 | |a z |2 gnd |a Geschichte 1800-1980 |
| 689 | 2 | |5 (DE-627) | |
| 689 | 3 | 0 | |d s |0 (DE-588)4138115-4 |0 (DE-627)104665041 |0 (DE-576)209683368 |a Mutterliebe |2 gnd |
| 689 | 3 | |5 (DE-627) | |
| 830 | 0 | |a Theorie und Praxis der Frauenforschung |v 3 |9 3 |w (DE-627)165837500 |w (DE-576)012349739 |w (DE-600)23183-6 |7 am | |
| 856 | 4 | 2 | |u https://swbplus.bsz-bw.de/bsz012260177inh.htm |m B:DE-576;DE-352 |q application/pdf |v 20110620110607 |x Verlag |3 Inhaltsverzeichnis |7 1 |
| 856 | 4 | 2 | |u http://scans.hebis.de/HEBCGI/show.pl?00755337_toc.pdf |m V:DE-576;B:DE-352 |q application/pdf |3 Inhaltsverzeichnis |7 1 |
| 935 | |i Blocktest | ||
| 936 | r | v | |a MS 1990 |b Eltern-Kind-Beziehungen, Vater , Mutter, Pflegeeltern |k Soziologie |k Spezielle Soziologien |k Familiensoziologie |k Eltern-Kind-Beziehungen, Vater , Mutter, Pflegeeltern |0 (DE-627)1271300494 |0 (DE-625)rvk/123627: |0 (DE-576)201300494 |
| 936 | r | v | |a NW 8150 |b Familie, Kinder |k Geschichte |k Wirtschafts- und Sozialgeschichte |k Spezielle Sozialgeschichte |k Einzelne Stände und Gesellschaftsgruppen |k Familie, Kinder |0 (DE-627)1271427524 |0 (DE-625)rvk/132307: |0 (DE-576)201427524 |
| 936 | s | n | |a m200 |2 mzub |
| 936 | s | n | |a n100 |2 mzub |
| 936 | s | n | |a c200 |2 mzub |
| 951 | |a BO | ||
| ELC | |b 1 | ||
| LOK | |0 000 xxxxxcx a22 zn 4500 | ||
| LOK | |0 001 3246227500 | ||
| LOK | |0 003 DE-627 | ||
| LOK | |0 004 02287481X | ||
| LOK | |0 005 20131122103913 | ||
| LOK | |0 008 131122||||||||||||||||ger||||||| | ||
| LOK | |0 040 |a DE-21-110 |c DE-627 |d DE-21-110 | ||
| LOK | |0 689 |a s |a Mutter-Kind-Beziehung | ||
| LOK | |0 852 |z Kein Bestand am IfK; Nachweis für KrimDok | ||
| LOK | |0 852 |a DE-21-110 | ||
| LOK | |0 852 1 |9 00 | ||
| LOK | |0 935 |a k110 | ||
| LOK | |0 939 |a 22-11-13 |b l01 | ||
| ORI | |a SA-MARC-krimdoka001.raw | ||
| TIM | |a 100018000101_100019801231 |b Geschichte 1800-1980 | ||
